Littérature : Romans de Marcel Pagnol - Statistiques

Statistiques générales
  • Ce quiz a été pris 92 fois
  • Le résultat moyen est 4 sur 9
Statistiques - réponses
Année de parution Série de romans Titre % Correct
1957 Souvenirs d'enfance La Gloire de mon père
98%
1958 Souvenirs d'enfance Le Château de ma mère
95%
1963 L'Eau des collines Manon des sources
74%
1960 Souvenirs d'enfance Le Temps des secrets
60%
1963 L'Eau des collines Jean de Florette
58%
1977 (inachevé) Souvenirs d'enfance Le Temps des amours
47%
1921 La Petite Fille aux yeux sombres
4%
1921 Le Mariage de Peluque
1%
1921 Les Mémoires de Jacques Panier
1%
Aucun quiz correspondant
Distribution des résultats
% des personnes avec chaque résultat
Percentile par nombre de réponses
Votre historique - résultats
Vous n’avez pas pris ce quiz